000 01802nam a22002537a 4500
008 160608b xxu||||| |||| 00| 0 eng d
082 _a701.18
_bC122a
100 _aLopez, Miguel A. ; Martinho, Teté (Editor)
_95179
245 _aAlliances of Vulnerable bodies
_bFeminis, queer activism, and visual culture
_cLopez, Miguel A. ; Martinho, Teté (Editor)
260 _aSao paulo
_bServico social do comercio
_c2015
300 _a136 pag
_bill. col
_c24 cm
505 _tEditorial.
_rSolange O. Farkas. Teté Martinho.
_tAlliances of vulnerable bodies.
_rMiguel Lopez
_tThe Porn-Art movement in Brazil/ "Fictional Genealogies" of southern pornographies.
_rFernanda Nogueira
_tDedication: a promptuary.
_rCatherine Lord
_tImplicated: Feminist art histories and affective pasts.
_rJulia Bryan - Wilson
_tHow many "Hijas de perras" does it take to blow up world? Transgenic writting as homage to hija de perra (1980-2014)
_rLucha Venegas, Cristian Cabello, and Jorge Díaz_ (CUDS, Chile)
_tBiji Diva!
_rMing Wong
_tMuseum, urban detritus, and pornography.
_rPaul B. Preciado
_tVoice to rhe movements of desire.
_rSerigrafistas Queer
_tImage Credits
_tCredits
_tIt includes magazine "oiga 78, nª 44" and stencil
600 _aMiguel A. Lopez
_94650
653 _aCritica y apreciacón - Arte
_aArte - Feminismos
_aArte - ensayos visuales
_aArte - Activismo Homosexual
_aArte y Cultura Visual
_aArte - Porno
700 _aSolange O. Farkas. Teté Martinho.
_95180
700 _aMiguel Lopez
_95181
700 _aFernanda Nogueira
_95182
700 _aCatherine Lord
_95183
700 _aJulia Bryan - Wilson
_95184
700 _aLucha Venegas, Cristian Cabello, and Jorge Díaz_ (CUDS, Chile)
_95185
700 _aMing Wong
_95186
700 _aPaul B. Preciado
_95187
700 _aSerigrafistas Queer
_95188
999 _c949
_d949